| 000 | 00626nam a2200181Ia 4500 | ||
|---|---|---|---|
| 008 | 090630s9999 xx 000 0 und d | ||
| 082 | _b4292 | ||
| 100 | _aआपटे गुरुजी. | ||
| 245 |
_aगांधींची गोष्ट. _cआपटे गुरुजी. |
||
| 260 |
_bकॉन्टीनेंटल. _c1964 |
||
| 300 | _a144 | ||
| 600 | _aआपटे गुरुजी. | ||
| 630 | _aगांधींची गोष्ट. | ||
| 655 | _aबालवाङमय. | ||
| 700 | _aआपटे गुरुजी. | ||
| 730 | _aगांधींची गोष्ट. | ||
| 942 | _cBOOK | ||
| 999 |
_c256148 _d256148 |
||